000 01447nam a2200373 i 4500
001 000002249
003 DO-SdBNP
005 20250708090805.0
007 ta
008 090701s1984 dr r 000 0 spa d
040 _aDO-SdBNP
_bspa
_cBNPHU
_erda
041 _aspa
082 4 _a346.729308232
_bA473s
_222
100 _aAybar Álvarez, Ambrosio
_d1910-2004
_eautor
_979707
_4aut.
245 1 0 _aSobre ahorro y préstamo /
_cAmbrosio Álvarez Aybar ; presentación, Franklin Báez Brugal.
264 4 _aSanto Domingo, República Dominicana :
_bEditora Taller,
_c©1984.
300 _a231 páginas ;
_c23 cm.
336 _atexto
_btxt
_2rdacontent
337 _asin mediación
_bn
_2rdamedia
338 _avolumen
_bnc
_2rdacarrier
490 0 _aBNV, XXII aniversario
500 _aIncluye índice
500 _aIncluye datos biográficos del autor en la contracubierta
500 _aIncluye referencias bilbliográficas y notas al pie de las páginas
504 _aBibliografía: páginas 227-228
590 _aInventariado, 2018 /LP
650 4 _aVivienda
_xFinanciación
_xLegislacion
_97169
650 4 _aViviendas
_zRepública Dominicana
_97170
650 4 _aSociedades de ahorro y préstamo para vivienda-legislación
_97171
700 1 _aBáez Brugal, Franklin,
_epresentador
_4pr.
_975786
710 2 _aBanco Nacional de la Vivienda (República Dominicana)
_97172
910 _aValidado. Control de calidad MFF
942 _2ddc
_cLBS1
999 _c2095
_d2095